000 00371 a2200133 4500
003 OSt
005 20250725140638.0
008 250725b |||||||| |||| 00| 0 eng d
040 _cPandora
100 _aNettel Suárez, Guadalupe
_91
245 _aCapítulo de las conchas
773 0 _w2707
_tEl barco de teseo
_aNettel Suárez, Guadalupe
_dMadrid Anagrama 2023
942 _2ddc
_cMO
_n0
999 _c4
_d4